| 000 | 01666nam a2200265Ia 4500 | ||
|---|---|---|---|
| 003 | Ost | ||
| 005 | 20260416102354.0 | ||
| 008 | 260416s9999||||xx |||||||||||||| ||und|| | ||
| 040 | _cfsecg | ||
| 041 | _aara | ||
| 082 | _a330.9 | ||
| 100 |
_aمختاري، مراد _eمؤلف |
||
| 245 | 0 |
_a تاريخ الوقائع الإقتصادية / _c مراد مختاري |
|
| 260 |
_aالجزائر _bجامعة الجزائر3: كلية العلوم الإقتصادية، العلوم التجارية وعلوم التسيير _c2019 |
||
| 300 |
_a116 ورقة _bايضاحات _c30 سم |
||
| 504 | _aمراجع ص.109 | ||
| 520 | _aمدخل لتاريخ الوقائع الاقتصادية، الوقائع الاقتصادية في العصور القديمة، الفكر و الوقائع الاقتصادية لدى اليونان (الإغريق)، الوقائع الاقتصادية في العصور الوسطى 500م-500م، الافكار و الانظمة الاقتصادية المعاصرة، أهم المؤسسات الدولية الفاعلة في الاقتصاد العالمي، التكتلات الاقتصادية، العولمة الاقتصادية، الأزمات الاقتصادية الحديثة. | ||
| 653 | _aالازمات الاقتصادية | ||
| 653 | _aالاقتصاد الدولي | ||
| 653 | _aالاقتصاد-تاريخ | ||
| 653 | _aالانظمة الاقتصادية | ||
| 653 | _aالتكتلات الاقتصادية | ||
| 710 |
_aجامعة الجزائر3: كلية العلوم الإقتصادية، العلوم التجارية وعلوم التسيير _eناشر علمي |
||
| 942 | _cHANDOUT | ||
| 999 |
_c41124 _d41124 |
||